On college Teaching: race in the classroom Disc 2, (Record no. 9687)
[ view plain ]
| 000 -LEADER | |
|---|---|
| fixed length control field | 00295 a2200097 4500 |
| 040 ## - CATALOGING SOURCE | |
| Original cataloging agency | DLC |
| Language of cataloging | DLC |
| 082 ## - DEWEY DECIMAL CLASSIFICATION NUMBER | |
| Classification number | 808.042 DER |
| 245 ## - TITLE STATEMENT | |
| Title | On college Teaching: race in the classroom Disc 2, |
| Remainder of title | Derek Bok Centre Series. |
| 260 ## - PUBLICATION, DISTRIBUTION, ETC. | |
| Place of publication, distribution, etc. | Cambridge |
| Name of publisher, distributor, etc. | Progressive international |
| Date of publication, distribution, etc. | 2007 |
| 942 ## - ADDED ENTRY ELEMENTS (KOHA) | |
| Koha item type | CD,DVDs |
| Call number prefix | 808.042 DER |
| Source of classification or shelving scheme | |
| Withdrawn status | Lost status | Damaged status | Not for loan | Collection code | Permanent Location | Current Location | Shelving location | Date acquired | Source of acquisition | Cost, normal purchase price | Total Checkouts | Full call number | Barcode | Date last seen | Date last checked out | Price effective from | Koha item type |
|---|---|---|---|---|---|---|---|---|---|---|---|---|---|---|---|---|---|
| Central Library (CL) | Central Library (CL) | General Stacks | 04/03/2008 | Progressive International Agencies | 7873.14 | 1 | 808.042 DER | SEECS008940 | 09/16/2020 | 01/22/2014 | 01/05/2017 | CD,DVDs |
